000 00935cab a2200325 4500
001 ABS49306
008 090401t1993 xxu||||| |||| 00| 0 eng d
035 _a(Sirsi) u70836
041 _aeng
245 _aFocus`93: West Scotland
260 _c1993
350 _a0
490 _aEstates Gazette
_v(9337) 18 September 1993, 95-126(20)
650 _aAIRPORT DEVELOPMENT
650 _aAYR
650 _aDUMFRIES
650 _aENTERPRISE ZONES
650 _aGLASGOW
650 _aINDUSTRIAL MARKET
650 _aKILMARNOCK
650 _aLOCAL ENTERPRISE COMPANIES
650 _aPROPERTY-COMMERCIAL PROPERTY-OFFICE PROPERTY-OFFICE PROPERTY MARKET
650 _aPRESTWICK
650 _aPROPERTY-COMMERCIAL PROPERTY-RETAIL PROPERTY-RETAIL PROPERTY MARKET
650 _aSCOTLAND
650 _aSTRATHCLYDE
690 _aPROPERTY-COMMERCIAL PROPERTY-COMMERCIAL PROPERTY MARKET
942 _n0
948 _c04/03/1997
999 _c44617
_d44617